000 00619nam a2200217 i 4500
001 59055
003 ES-MaACL
005 20230906163942.0
007 t|
008 031027s1953 sp ||||1| spa d
100 1 _aEhrhard, Mercelle.
_946788
245 1 3 _aLa literatura rusa /
_cMercelle Ehrhard ; versión de Zoé de Godoy.
250 _a[1ª ed. española].
260 _aBarcelona :
_bSalvat,
_c[1953] (
_fImp. Hispano-Americana)
300 _a150 p. ;
_c17 cm.
490 1 _aSurco
700 1 _aGodoy, Zoe.
_957541
830 0 _aSurco
_9181374
852 _aES-MaACL
_jC-7428
_bR.35136
999 _c59055
_d59055